Qui est le père/la mère de ce personnage de One Piece ? - Statistiques

Statistiques générales
  • Ce quiz a été pris 100 fois
  • Le résultat moyen est 16 sur 20
Statistiques - réponses
Question Réponse % Correct
Qui est la mère de Pudding ? Charlotte Linlin
97%
Qui est le père de Yamato ? Kaido
95%
Qui est le père d'Usopp ? Yasopp
95%
Qui est le père adoptif de Sabo ? Monkey D.Dragon
94%
Qui est le père de Shiraoshi ? Neptune
94%
Qui est la mère d'Ace ? Portgas D.Rouge
94%
Qui est le père de Bonney ? Bartolomew Kuma
88%
Qui est la mère adoptive de Luffy ? Curly Dadan
87%
Qui est le père de Vivi ? Nefertari Cobra
87%
Qui est le père de Sanji ? Vinsmoke Judge
87%
Qui est la mère adoptive de Nami ? Belmer
82%
Qui est le père de Rebecca ? Kyros
81%
Qui est la mère de Nico Robin ? Nico Olvia
78%
Qui est la mère adoptive de Big Mom ? Caramel
71%
Qui est la mère d'Edward Weeble ? Buckingham Stussy
68%
Qui est le père de Shanks ? Figarland Garling
67%
Qui est la mère de Momonosuke ? Kozuki Toki
64%
Qui est le père d'Hajrudin ? Harald
62%
Qui est le père de Koron ? Scopper Gaban
49%
Qui est le père de Doflamingo ? Donquichotte Homing
41%
Aucun quiz correspondant
Distribution des résultats
% des personnes avec chaque résultat
Percentile par nombre de réponses
Votre historique - résultats
Vous n’avez pas pris ce quiz